Нормален изглед
MARC изглед
- Държавен Куклен Театър
Вход 03. Временен Колективен Автор
001 - Контролен номер на записа
- Контролно поле: 471244
003 - Код на организацията, даваща контролен номер
- Контролно поле: BLK
005 - Дата и час на последна промяна на записа
- Контролно поле: 20220308140709.0
008 - Данни с фиксирана дължина – обща информация
- Данни с фиксирана дължина : 220308|| aca||aabn | a|a d
111 ## - Наименования на временни колективи – обща информация
- Название на временен колектив или юридическо име като основно описание: Държавен Куклен Театър
942 ## - Системна служебна употреба
- Koha auth type: MEETI_NAME